00787 a2200181 4500020001500000020001800015082001500033100002000048245012000068250001200188260008100200300003400281650005200315650006100367650005800428650005800486650006100544 a0335216404 a9780335216406 a005.36 PAL aPallant, Julie. aSPSS survival manual :ba step by step guide to data analysis using SPSS for Windows (version 12) /cJulie Pallant. a3rd ed. aMaidenhead, Berkshire. U.K. ;aNew York, NY :bOpen University Press,c2007. axvi, 318 p. :bill. ;c26 cm. aSocial sciencesxResearchxStatistical methods. aSocial sciencesxStatistical methodsxComputer programs. aSciences socialesxRecherchexMéthodes statistiques aSciences socialesxMéthodes statistiquesxLogiciels aSciences socialesxMéthodes statistiquesxInformatique